| 000 | 00859nam a2200265Ia 4500 | ||
|---|---|---|---|
| 003 | OSt | ||
| 005 | 20220930094141.0 | ||
| 006 | a|||||r|||| 00| 0 | ||
| 007 | ta | ||
| 008 | 220926b |||||||| |||| 00| 0 eng d | ||
| 024 | _a66689 | ||
| 037 | _cTheses | ||
| 040 |
_aCRL _cCRL _beng |
||
| 041 |
_2eng _aeng |
||
| 100 |
_aManchanda Satish Au. _9554544 |
||
| 110 | _aUniversity of Delhi. Faculty of Medical Sciences. Department of Pharmaceutics | ||
| 245 | 0 | _aStudies on ocular formulations of selected carbonic anhydrase inhibitor Satish Manchanda | |
| 260 | _c2016 | ||
| 300 |
_a206p. _ap. _ccm. |
||
| 650 | _aPharmacology | ||
| 700 |
_a Sahoo P.K. Gu. _9554545 |
||
| 700 | _aUniversity of Delhi. Faculty of Medical Sciences. Department of Pharmaceutics | ||
| 942 |
_cDIS _2CC |
||
| 999 |
_c886638 _d886638 |
||